000 00889na a2200277 4500
001 23772
003 MIRAKIL
005 20181213155316.0
008 180115b tu 000 0
020 _a9754401705
040 _aMilas
_btur
_cTR-AnCHP
041 _atur
082 _a343.0253
_bS28ö 1999
090 _a343.0253 S28ö 1999
100 _aSavas, E.S.
245 _aÖzelleştirme
_bDaha iyi devlet yönetmenin anahtarı
_cE.S. Savas ; çeviren Ergün Yener
246 _aDaha iyi devlet yönetmenin anahtarı
250 _a2. bs.
260 _aAnkara
_bMilli Prodüktivite Merkezi
_c1999
300 _a400 s.
_bgrf., şkl., tbl.
_c24 sm.
440 _aMilli prodüktivite merkezi yayınları
_v517
650 _aÖzelleştirme
_xHukuk ve mevzuat
_zTürkiye
650 _aKamu malları hukuku
_xÖzelleştirme
_zTürkiye
700 _aYener, Ergün
942 _2ddc
_cBKS
999 _c10327
_d10327